Normal view
MARC view
- Civil Engineering -- Remote Sensing
Entry Topical Term
001 - CONTROL NUMBER
- control field: 41576
003 - CONTROL NUMBER IDENTIFIER
- control field: NUST
005 - DATE AND TIME OF LATEST TRANSACTION
- control field: 20210314132102.0
008 - FIXED-LENGTH DATA ELEMENTS
- fixed length control field: 210314|| aca||aabn | a|a d
040 ## - CATALOGING SOURCE
- Original cataloging agency: NUST
- Transcribing agency: NUST
150 ## - HEADING--TOPICAL TERM
- Topical term or geographic name entry element: Civil Engineering -- Remote Sensing
670 ## - SOURCE DATA FOUND
- Source citation: Work cat.: (NUST): Kennine, T. J 41575, Remote Sensing in Civil Engineering, 1985
